[Event "TCh-CHN 2012"]
[Site "Beijing CHN"]
[Date "2012.09.25"]
[Round "14"]
[White "Ding, Liren"]
[Black "Malakhov, Vladimir"]
[Result "0-1"]
[WhiteTitle "GM"]
[BlackTitle "GM"]
[WhiteElo "2660"]
[BlackElo "2705"]
[WhiteTeam "Zhejiang Yinzhou Team"]
[BlackTeam "Tianjin Qin Huangdao Team"]
[WhiteFideId "8603677"]
[BlackFideId "4120787"]
[EventDate "2012.04.28"]

1. d4 d5 2. c4 c6 3. Nc3 Nf6 4. e3 a6 5. Qc2 g6 6. Bd3 Bg7 7. Nf3 O-O 8. O-O Bg4
9. Ne5 Be6 10. c5 Nbd7 11. Nxd7 Bxd7 12. f4 Qc7 13. Bd2 Ng4 14. Na4 Nh6 15. Nb6
Rae8 16. Nxd7 Qxd7 17. Bc3 f6 18. Rad1 e5 19. e4 exf4 20. exd5 cxd5 21. h3 f5
22. Rxf4 Nf7 23. b4 Ng5 24. a4 Qc7 25. Rdf1 Ne6 26. R4f2 Nxd4 27. Qb2 Re3 28.
Bxd4 Rxd3 29. Bxg7 Qxg7 30. Qxg7+ Kxg7 31. Rb2 Rd4 32. Rc1 Rc8 33. a5 Kh6 34. b5
axb5 35. Rxb5 Rc7 36. Rcb1 Rd2 37. Kh1 Ra2 38. h4 Ra4 39. Kg1 Rxh4 40. Rxb7 Rxc5
41. Ra1 Rc2 42. Rb3 Rhc4 43. Rba3 Rc7 44. a6 Ra7 45. R1a2 Rc6 46. Kf2 Re6 0-1

[Event "TCh-CHN 2012"]
[Site "Beijing CHN"]
[Date "2012.09.25"]
[Round "14"]
[White "Yu, Lie"]
[Black "Ma, Qun"]
[Result "1/2-1/2"]
[WhiteTitle "IM"]
[WhiteElo "2417"]
[BlackElo "2481"]
[WhiteTeam "Zhejiang Yinzhou Team"]
[BlackTeam "Tianjin Qin Huangdao Team"]
[WhiteFideId "8603715"]
[BlackFideId "8603154"]
[EventDate "2012.04.28"]

1. d4 d5 2. c4 c6 3. cxd5 cxd5 4. Nc3 Nc6 5. Nf3 Nf6 6. Bf4 Bf5 7. e3 e6 8. Bd3
Bxd3 9. Qxd3 Bd6 10. Bxd6 Qxd6 11. O-O O-O 12. Rac1 Rac8 13. a3 a6 14. Rc2 Rc7
15. Rfc1 Rfc8 16. Na4 Nd7 17. Nc5 Nd8 18. Nxd7 Qxd7 19. Nd2 Rxc2 20. Rxc2 Rxc2
21. Qxc2 Qc6 22. Qxc6 Nxc6 23. Kf1 Kf8 24. Ke2 Ke7 25. Kd3 f6 26. Nb3 b6 27. f3
Kd6 28. Nd2 h5 29. g3 g5 30. h3 Ne7 31. g4 hxg4 32. hxg4 Ng6 33. Nf1 1/2-1/2

[Event "TCh-CHN 2012"]
[Site "Beijing CHN"]
[Date "2012.09.25"]
[Round "14"]
[White "Ning, Chunhong"]
[Black "Ding, Yixin"]
[Result "0-1"]
[WhiteTitle "WGM"]
[BlackTitle "WGM"]
[WhiteElo "2328"]
[BlackElo "2350"]
[WhiteTeam "Tianjin Qin Huangdao Team"]
[BlackTeam "Zhejiang Yinzhou Team"]
[WhiteFideId "8600376"]
[BlackFideId "8602972"]
[EventDate "2012.04.28"]

1. e4 c5 2. Nf3 e6 3. c3 Nc6 4. d4 cxd4 5. cxd4 d5 6. exd5 exd5 7. Nc3 Nf6 8.
Bg5 Be7 9. Be2 O-O 10. O-O h6 11. Bh4 g5 12. Bg3 Ne4 13. Rc1 Be6 14. Ne5 Nxg3
15. hxg3 Rc8 16. Nxc6 Rxc6 17. Bb5 Rb6 18. Qd3 a6 19. Ba4 Kg7 20. Rfe1 Rh8 21.
Bb3 Bf6 22. Rcd1 Rb4 23. Ne2 Qb6 24. f4 Bg4 25. Bxd5 Bxe2 26. Qxe2 Rxd4 27. Qf2
Rd8 28. Bb3 Rxd1 29. Qxb6 Rxe1+ 30. Kh2 Rd7 31. Qc5 Rde7 32. Qd5 R1e2 33. Qf5
Rf2 34. Bc2 gxf4 35. Qh7+ Kf8 36. Be4 Bg7 37. g4 Rxb2 38. Bd5 Rb6 39. Qc2 Be5
40. Kh3 Kg7 41. Qc5 Rd6 42. Bxb7 Rd1 43. g3 Bf6 44. Qc2 Rde1 45. Bf3 R7e3 46.
Kg2 Rc3 47. Qf5 Ree3 48. Be4 Rxg3+ 49. Kh2 Rh3+ 50. Kg2 Rcg3+ 51. Kf1 Re3 52.
Qxf4 Bh4 53. Bd5 Re1+ 54. Kg2 Rg3+ 55. Kh2 Re2+ 56. Kh1 Rh3+ 57. Kg1 Bf6 58. Qc7
Bd4+ 59. Kf1 Rf2+ 60. Ke1 Re3+ 61. Kd1 Bc3 0-1

[Event "TCh-CHN 2012"]
[Site "Beijing CHN"]
[Date "2012.09.25"]
[Round "14"]
[White "Danielian, Elina"]
[Black "Wang, Xiaohui"]
[Result "1-0"]
[WhiteTitle "GM"]
[BlackTitle "WIM"]
[WhiteElo "2478"]
[BlackElo "2209"]
[WhiteTeam "Tianjin Qin Huangdao Team"]
[BlackTeam "Zhejiang Yinzhou Team"]
[WhiteFideId "13300210"]
[BlackFideId "8603073"]
[EventDate "2012.04.28"]

1. d4 d5 2. Nf3 Nf6 3. c4 c6 4. e3 e6 5. Nbd2 Nbd7 6. Bd3 a6 7. b3 c5 8. O-O Be7
9. Bb2 dxc4 10. bxc4 O-O 11. Qc2 g6 12. Rad1 Qc7 13. Rfe1 Rd8 14. Ne5 cxd4 15.
exd4 Nxe5 16. dxe5 Nd7 17. Ne4 Nxe5 18. Qc3 f6 19. Bf1 Rxd1 20. Rxd1 Ng4 21. g3
e5 22. c5 Bf5 23. Nd6 Bxd6 24. Rxd6 Rc8 25. h3 Nh6 26. Rxf6 Qxc5 27. Qxe5 Qxe5
28. Bxe5 Nf7 29. Bf4 Be4 30. Re6 Bd5 31. Re7 Kf8 32. Re2 Rc3 33. Bd2 Rc6 34. a3
Bc4 35. Bb4+ Kg7 36. Re7 Bxf1 37. Kxf1 b6 38. g4 Kf6 39. Ra7 a5 40. Bd2 h5 41.
gxh5 gxh5 42. Be3 Nd6 43. Rh7 Nf5 44. Bd2 Kg6 45. Rb7 Nd6 46. Rb8 Nc4 47. Bc1
Ne5 48. Bf4 Nc4 49. Bc1 Ne5 50. Be3 Nc4 51. a4 1-0

[Event "TCh-CHN 2012"]
[Site "Beijing CHN"]
[Date "2012.09.25"]
[Round "14"]
[White "Zhang, Pengxiang"]
[Black "Xiu, Deshun"]
[Result "1/2-1/2"]
[WhiteTitle "GM"]
[BlackTitle "GM"]
[WhiteElo "2591"]
[BlackElo "2492"]
[WhiteTeam "Hebei Sports Lottery Team"]
[BlackTeam "Beijing AIGO Team"]
[WhiteFideId "8600970"]
[BlackFideId "8603693"]
[EventDate "2012.04.28"]

1. e4 c5 2. Nf3 d6 3. d4 cxd4 4. Nxd4 Nf6 5. Nc3 Nc6 6. Be2 g6 7. O-O Nxd4 8.
Qxd4 Bg7 9. Be3 O-O 10. Qb4 a5 11. Qa3 Be6 12. Rfd1 Qc8 13. f3 Bc4 14. Rd2 Bxe2
15. Rxe2 Qc6 16. Rd1 b5 17. Qb3 Rfb8 18. Nd5 Rb7 19. Nxf6+ Bxf6 20. Bd4 Bxd4+
21. Rxd4 Qb6 22. Qe3 Rc8 23. Kf2 Rbc7 24. Rd5 Rc5 25. Rxc5 Rxc5 26. c3 Qc7 27.
a3 Qc6 28. Qd4 Qc7 29. Qe3 Qc6 30. Qd4 Qc7 31. Qe3 1/2-1/2

[Event "TCh-CHN 2012"]
[Site "Beijing CHN"]
[Date "2012.09.25"]
[Round "14"]
[White "Vitiugov, Nikita"]
[Black "Li, Chao b"]
[Result "0-1"]
[WhiteTitle "GM"]
[BlackTitle "GM"]
[WhiteElo "2709"]
[BlackElo "2703"]
[WhiteTeam "Hebei Sports Lottery Team"]
[BlackTeam "Beijing AIGO Team"]
[WhiteFideId "4152956"]
[BlackFideId "8604436"]
[EventDate "2012.04.28"]

1. c4 Nf6 2. Nc3 c5 3. Nf3 d5 4. cxd5 Nxd5 5. e3 Nxc3 6. bxc3 g6 7. Qa4+ Nd7 8.
Ba3 Qc7 9. Bb5 Bg7 10. O-O O-O 11. Qc4 b6 12. Qe4 Bb7 13. Qh4 Nf6 14. d4 h6 15.
Nd2 Rfd8 16. Rfd1 Rac8 17. Rac1 e5 18. dxc5 bxc5 19. Qa4 c4 20. Bb4 Rd3 21. Ba5
Qd6 22. Nxc4 Qd5 23. f3 e4 24. Rxd3 exd3 25. Nb2 Qg5 26. Nxd3 Bxf3 27. Nf4 Rc5
28. h4 Qe5 29. gxf3 Rxb5 30. Bc7 Qxe3+ 31. Kg2 Qd2+ 32. Kg3 Rb2 0-1

[Event "TCh-CHN 2012"]
[Site "Beijing CHN"]
[Date "2012.09.25"]
[Round "14"]
[White "Wan, Yunguo"]
[Black "Yu, Yangyi"]
[Result "0-1"]
[BlackTitle "GM"]
[WhiteElo "2441"]
[BlackElo "2615"]
[WhiteTeam "Hebei Sports Lottery Team"]
[BlackTeam "Beijing AIGO Team"]
[WhiteFideId "8603189"]
[BlackFideId "8603820"]
[EventDate "2012.04.28"]

1. e4 c5 2. Nf3 Nc6 3. d4 cxd4 4. Nxd4 Nf6 5. Nc3 d6 6. Be2 g6 7. Nb3 Bg7 8. O-O
O-O 9. Re1 a6 10. Bg5 b5 11. Bf1 h6 12. Bh4 Bb7 13. a4 b4 14. Nd5 Nd7 15. Rb1 g5
16. Bg3 e6 17. Ne3 Nde5 18. Nc4 Nxc4 19. Bxc4 Ne5 20. Bf1 a5 21. Kh1 Bc6 22. Ra1
Qd7 23. Qh5 Qe7 24. Nd4 Rac8 25. Bb5 Ba8 26. Rad1 Rc5 27. Rd2 Rd8 28. Qe2 Rcc8
29. Nb3 Ng6 30. Red1 Nf4 31. Bxf4 gxf4 32. Nxa5 Qc7 33. Nb3 d5 34. exd5 Rxd5 35.
f3 Bxb2 36. Rxd5 Bxd5 37. Bd3 Bg7 38. h3 Ra8 39. Bb5 Qc3 40. Rd3 Qb2 41. Qd2 Rc8
42. Qxf4 Bxb3 43. Rxb3 Qa1+ 0-1

[Event "TCh-CHN 2012"]
[Site "Beijing CHN"]
[Date "2012.09.25"]
[Round "14"]
[White "Wang, Yu A."]
[Black "Zhai, Mo"]
[Result "1-0"]
[WhiteTitle "IM"]
[BlackTitle "WFM"]
[WhiteElo "2372"]
[BlackElo "2262"]
[WhiteTeam "Beijing AIGO Team"]
[BlackTeam "Hebei Sports Lottery Team"]
[WhiteFideId "8601097"]
[BlackFideId "8600201"]
[EventDate "2012.04.28"]

1. e4 c5 2. c3 d5 3. exd5 Qxd5 4. d4 Nc6 5. Nf3 e6 6. Be3 cxd4 7. cxd4 Nf6 8.
Nc3 Qd8 9. Bd3 Be7 10. O-O O-O 11. Rc1 b6 12. Bb1 Bb7 13. a3 Rc8 14. Qd3 Re8 15.
Rfe1 g6 16. Ba2 Rc7 17. Rcd1 Rd7 18. Qe2 Qa8 19. Bg5 Rdd8 20. Bxe6 fxe6 21.
Qxe6+ Kg7 22. Qh3 Nh5 23. d5 Bc8 24. Qh4 Bxg5 25. Nxg5 Ne7 26. Qd4+ Kg8 27. d6
Qc6 28. g4 Bb7 29. Nce4 Nf5 30. gxf5 gxf5 31. Rc1 Qd5 32. Qxd5+ Bxd5 33. Nc3 Bc6
34. Rxe8+ Rxe8 35. Rd1 Nf4 36. d7 Bxd7 37. Nf3 Bc8 38. Re1 Rd8 39. Rd1 Re8 40.
Re1 Rf8 41. Re7 a5 42. h4 Kh8 43. Ng5 Ng6 44. Rxh7+ Kg8 45. h5 Nf4 46. Rc7 Ba6
47. h6 Re8 48. Rg7+ 1-0

[Event "TCh-CHN 2012"]
[Site "Beijing CHN"]
[Date "2012.09.25"]
[Round "14"]
[White "Wang, Jue"]
[Black "Mkrtchian, Lilit"]
[Result "1-0"]
[BlackTitle "IM"]
[WhiteElo "2366"]
[BlackElo "2458"]
[WhiteTeam "Beijing AIGO Team"]
[BlackTeam "Hebei Sports Lottery Team"]
[WhiteFideId "8604070"]
[BlackFideId "13300601"]
[EventDate "2012.04.28"]

1. e4 e6 2. d4 d5 3. Nc3 Nf6 4. Bg5 dxe4 5. Nxe4 Nbd7 6. Nxf6+ Nxf6 7. Nf3 c5 8.
Ne5 a6 9. c3 Be7 10. Bd3 cxd4 11. Qa4+ Nd7 12. Bxe7 Qxe7 13. Qxd4 Qc5 14. Qxc5
Nxc5 15. Be2 Ke7 16. O-O-O f6 17. Nc4 b5 18. Nd6 Rd8 19. Nxc8+ Raxc8 20. Rxd8
Rxd8 21. Rd1 Rxd1+ 22. Kxd1 Kd6 23. Kc2 Na4 24. b4 Nb6 25. Kb3 Nd5 26. c4 Nc7
27. Bf3 e5 28. g4 g6 29. Bb7 Kd7 30. a4 Kd6 31. a5 bxc4+ 32. Kxc4 f5 33. gxf5
gxf5 34. Bc8 f4 35. Bb7 h6 36. h3 Ke7 37. Kc5 Kd7 38. f3 Ke7 39. Kc6 Ne6 40.
Bxa6 Nd4+ 41. Kd5 Nxf3 42. Be2 Nd4 43. a6 Ne6 44. Kxe5 Nc7 45. a7 Kd7 46. Bf3 1-0

[Event "TCh-CHN 2012"]
[Site "Beijing CHN"]
[Date "2012.09.25"]
[Round "14"]
[White "Ma, Zhonghan"]
[Black "Bologan, Viktor"]
[Result "0-1"]
[BlackTitle "GM"]
[WhiteElo "2369"]
[BlackElo "2687"]
[WhiteTeam "Qingdao School Team"]
[BlackTeam "Chengdu Bank Team"]
[WhiteFideId "8607206"]
[BlackFideId "13900048"]
[EventDate "2012.04.28"]

1. d4 Nf6 2. c4 e6 3. Nc3 Bb4 4. Qc2 O-O 5. a3 Bxc3+ 6. Qxc3 b6 7. Bg5 c5 8.
dxc5 bxc5 9. e3 Bb7 10. Ne2 h6 11. Bxf6 Qxf6 12. Qxf6 gxf6 13. O-O-O Rd8 14. Nc3
Kf8 15. Rd2 Ke7 16. Nb5 Nc6 17. f4 Na5 18. Rd1 d6 19. Rg1 Rd7 20. Be2 Ba6 21.
Kc2 Rb8 22. b3 Bc8 23. Rb1 a6 24. b4 Nxc4 25. Bxc4 axb5 26. bxc5 Rc7 27. Kd2
Rxc5 28. Bd3 Bd7 29. Rb3 Rg8 30. g3 Rh5 31. Rg2 Ra8 32. Ke1 Rc5 33. Rgb2 Ra5 34.
Kd2 Kd8 35. Be2 Kc7 36. Rd3 Bc6 37. Rdb3 Kb6 38. Bd3 e5 39. Be2 Bd5 40. Rb4 Kc6
41. Rb1 Bc4 42. Bf3+ d5 43. Ra1 Kd6 44. Bd1 Rc7 45. Kc3 Kc5 46. Rbb1 exf4 47.
exf4 Re7 48. Rc1 Rxa3+ 49. Rxa3 b4+ 50. Kb2 bxa3+ 51. Kxa3 Ra7+ 52. Kb2 Ra2+ 53.
Kb1 Rxh2 54. Ba4 Kb4 0-1

[Event "TCh-CHN 2012"]
[Site "Beijing CHN"]
[Date "2012.09.25"]
[Round "14"]
[White "Mu, Ke"]
[Black "Liu, Guanchu"]
[Result "1-0"]
[WhiteElo "2286"]
[BlackElo "2260"]
[WhiteTeam "Qingdao School Team"]
[BlackTeam "Chengdu Bank Team"]
[WhiteFideId "8602778"]
[BlackFideId "8603901"]
[EventDate "2012.04.28"]

1. d4 f5 2. g3 Nf6 3. Bg2 g6 4. c3 Bg7 5. Qb3 Nc6 6. Nh3 e6 7. Bg5 h6 8. Bxf6
Qxf6 9. Nf4 Qf7 10. Nd2 g5 11. Nd3 d5 12. f4 b6 13. e3 Na5 14. Qc2 Ba6 15. Ne5
Bxe5 16. fxe5 c6 17. b3 O-O-O 18. c4 Kb8 19. Qc3 h5 20. O-O-O h4 21. c5 Rh7 22.
Bf1 Bxf1 23. Rhxf1 Qe7 24. Kb1 hxg3 25. hxg3 Rh3 26. Rg1 g4 27. Ka1 Rc8 28. Rc1
Nb7 29. cxb6 axb6 30. b4 c5 31. bxc5 bxc5 32. Nb3 c4 33. Na5 Rc7 34. Rb1 Kc8 35.
Nxb7 Rxb7 36. Rxb7 Qxb7 37. Rb1 Qc7 38. Qa3 Kd7 39. Qf8 Rh7 40. Qg8 Re7 41. Qf8
Rh7 42. Qg8 Re7 43. Qa8 Re8 44. Qa4+ Ke7 45. Qa6 Kf8 46. Rb7 Qd8 47. Qb5 Qg5 48.
Qc5+ Kg8 49. Qc7 Qg6 50. Kb2 Ra8 51. a4 Qh6 52. a5 f4 53. a6 1-0

[Event "TCh-CHN 2012"]
[Site "Beijing CHN"]
[Date "2012.09.25"]
[Round "14"]
[White "Le, Quang Liem"]
[Black "Chen, Fan"]
[Result "1-0"]
[WhiteTitle "GM"]
[BlackTitle "FM"]
[WhiteElo "2698"]
[BlackElo "2375"]
[WhiteTeam "Qingdao School Team"]
[BlackTeam "Chengdu Bank Team"]
[WhiteFideId "12401137"]
[BlackFideId "8600767"]
[EventDate "2012.04.28"]

1. d4 d5 2. Nf3 Nf6 3. c4 c6 4. Qc2 g6 5. Bf4 Bg7 6. e3 O-O 7. Nc3 c5 8. dxc5
Qa5 9. Rd1 dxc4 10. Bxc4 Qxc5 11. Qb3 Nc6 12. Ng5 e6 13. Bb5 e5 14. Bg3 Bg4 15.
Rd2 h6 16. h3 Bf5 17. Nf3 Be6 18. Qa4 Nd7 19. Bxc6 bxc6 20. O-O Nb6 21. Qc2 Rfd8
22. Rc1 a5 23. b3 Bf5 24. e4 Bd7 25. Rcd1 Qe7 26. Qd3 Re8 27. Qe3 Reb8 28. Na4 1-0

[Event "TCh-CHN 2012"]
[Site "Beijing CHN"]
[Date "2012.09.25"]
[Round "14"]
[White "Gunina, Valentina"]
[Black "Gong, Qianyun"]
[Result "1-0"]
[WhiteTitle "IM"]
[BlackTitle "WIM"]
[WhiteElo "2511"]
[BlackElo "2302"]
[WhiteTeam "Chengdu Bank Team"]
[BlackTeam "Qingdao School Team"]
[WhiteFideId "4167570"]
[BlackFideId "8602425"]
[EventDate "2012.04.28"]

1. d4 Nf6 2. c4 c5 3. d5 e5 4. Nc3 d6 5. e4 Be7 6. Bd3 Nbd7 7. Nge2 g6 8. h4 h5
9. f3 Nf8 10. Be3 N6h7 11. g3 f5 12. Qc2 f4 13. gxf4 Bxh4+ 14. Kd2 exf4 15. Nxf4
Ng5 16. Raf1 Nf7 17. Ng2 Be7 18. f4 Rg8 19. Kc1 Bg4 20. e5 dxe5 21. f5 g5 22. f6
Bd6 23. Ne4 Qc7 24. Ng3 h4 25. Bf5 Bxf5 26. Nxf5 O-O-O 27. b4 Nd7 28. Ne7+ Kb8
29. Nxg8 Rxg8 30. b5 e4 31. Qxe4 Qa5 32. Qc2 Be5 33. Bd2 Qa3+ 34. Kb1 Nxf6 35.
Ne1 Nd6 36. Nd3 Bd4 37. Rf3 Nfe4 38. Rhf1 Nxc4 39. Bb4 Nc3+ 40. Bxc3 Qxc3 41.
Qxc3 Bxc3 42. Rf8+ Rxf8 43. Rxf8+ Kc7 44. Nxc5 Na3+ 45. Kc1 Nxb5 46. a4 Nd6 47.
Ne6+ Kb6 48. Rg8 Ne4 49. Rg6 Ka5 50. Kc2 h3 51. d6 Nxd6 52. Kxc3 Ne4+ 53. Kb3 b5
54. Nc7 Nc5+ 55. Ka2 Kxa4 56. Rxg5 Nd3 57. Rh5 Nf4 58. Rh4 b4 59. Rxf4 a5 60.
Rh4 1-0

[Event "TCh-CHN 2012"]
[Site "Beijing CHN"]
[Date "2012.09.25"]
[Round "14"]
[White "Ren, Xiaoyi"]
[Black "Pham, Le Thao Nguyen"]
[Result "0-1"]
[BlackTitle "WGM"]
[WhiteElo "2202"]
[BlackElo "2351"]
[WhiteTeam "Chengdu Bank Team"]
[BlackTeam "Qingdao School Team"]
[WhiteFideId "8608709"]
[BlackFideId "12401226"]
[EventDate "2012.04.28"]

1. d4 d5 2. c4 c6 3. cxd5 cxd5 4. Nc3 Nc6 5. Nf3 Nf6 6. Bf4 Bf5 7. e3 e6 8. Qb3
Bb4 9. Bb5 Qa5 10. O-O O-O 11. a3 Bxc3 12. bxc3 Qb6 13. Ba4 Qxb3 14. Bxb3 Na5
15. Ba2 Rfc8 16. Bd6 Nc4 17. Be7 Ne4 18. Rfc1 f6 19. Nh4 Kf7 20. Bxc4 Rxc4 21.
Nxf5 exf5 22. Bb4 a5 23. Bc5 Nxc3 24. Rc2 Ke6 25. Kf1 b5 26. Ke1 Kd7 27. Rd2 Kc6
28. Rc1 Re8 29. Rdc2 Na4 30. Kd2 Nxc5 31. dxc5 Ree4 32. f3 Rxc2+ 33. Rxc2 Rc4
34. Rb2 Kxc5 35. h3 h5 36. g3 g5 37. Rb3 a4 38. Rb1 b4 39. axb4+ Rxb4 40. Ra1
Rb2+ 41. Kc1 Rg2 42. Rxa4 Rxg3 43. Ra6 Rxh3 44. Rxf6 Rxf3 45. Kd2 h4 46. Rh6 h3
47. Ke2 g4 48. Rh4 d4 49. exd4+ Kxd4 50. Rh8 Ke4 51. Rh7 Kf4 52. Ra7 h2 53. Ra1
Ke5 0-1

[Event "TCh-CHN 2012"]
[Site "Hangzhou CHN"]
[Date "2012.10.06"]
[Round "15"]
[White "Zeng, Chongsheng"]
[Black "Wen, Yang"]
[Result "0-1"]
[WhiteTitle "IM"]
[BlackTitle "GM"]
[WhiteElo "2435"]
[BlackElo "2549"]
[WhiteTeam "Guangdong Huateng Club Team"]
[BlackTeam "Shandong Gree Team"]
[WhiteFideId "8603847"]
[BlackFideId "8602956"]
[EventDate "2012.04.28"]

1. e4 e5 2. Nc3 Bc5 3. g3 d6 4. Na4 Nc6 5. Nxc5 dxc5 6. Bg2 Be6 7. Ne2 Qd7 8. h3
Nge7 9. b3 O-O-O 10. d3 f5 11. Be3 b6 12. exf5 Bd5 13. Be4 Nxf5 14. Nc3 Bxe4 15.
Nxe4 Nfd4 16. Bxd4 Nxd4 17. c3 Nf5 18. Qf3 Kb8 19. O-O-O Rhf8 20. Qh5 g6 21. Qg5
Nd6 22. h4 Rf3 23. Nf6 Qe6 24. Ne4 Nf7 25. Qd2 c4 26. bxc4 Rdxd3 27. Qxd3 Rxd3
28. Rxd3 Qxc4 29. Re3 Qxa2 30. Rd1 a5 31. Rd2 Qa1+ 32. Kc2 a4 33. Ree2 Qa2+ 34.
Kc1 Qc4 35. Re3 a3 36. Kb1 Nd6 37. Nxd6 cxd6 38. Red3 Kc7 39. f3 b5 40. g4 d5
41. Rxd5 Qb3+ 42. Ka1 Qxc3+ 43. Ka2 b4 44. R5d3 Qc4+ 45. Kb1 Kb6 46. Rd6+ Kb5
47. Rd8 b3 48. Rb8+ Ka4 49. Ra8+ Kb4 50. Rb8+ Kc3 51. Rd1 a2+ 52. Ka1 Kc2 0-1

[Event "TCh-CHN 2012"]
[Site "Hangzhou CHN"]
[Date "2012.10.06"]
[Round "15"]
[White "Lou, Yiping"]
[Black "Nguyen, Ngoc Truong Son"]
[Result "1/2-1/2"]
[WhiteTitle "IM"]
[BlackTitle "GM"]
[WhiteElo "2419"]
[BlackElo "2662"]
[WhiteTeam "Shanghai Jianqiao Academy Team"]
[BlackTeam "Qingdao School Team"]
[WhiteFideId "8603928"]
[BlackFideId "12401110"]
[EventDate "2012.04.28"]

1. d4 d5 2. c4 c6 3. Nc3 dxc4 4. e4 b5 5. a4 b4 6. Na2 Nf6 7. e5 Nd5 8. Bxc4 a5
9. Bg5 h6 10. Bh4 Qb6 11. Nc1 e6 12. Nb3 Ba6 13. Qc2 Bxc4 14. Qxc4 Qa6 15. Qxa6
Nxa6 16. Ne2 c5 17. Nxa5 cxd4 18. Nxd4 Nc5 19. Nc4 Rxa4 20. O-O Be7 21. Rxa4
Nxa4 22. Ra1 Bxh4 23. Nd6+ Kd7 24. Rxa4 Rb8 25. Ra7+ Nc7 26. N6b5 Bd8 27. g3 Rb6
28. f4 Ra6 29. Rxa6 Nxa6 30. Kg2 Nc5 31. Nd6 f5 32. Nc4 g5 33. h3 gxf4 34. gxf4
Be7 35. Kf3 Ne4 36. Nb6+ Kc7 37. Nc4 Kd7 38. Nb6+ Kc7 1/2-1/2

[Event "TCh-CHN 2012"]
[Site "Hangzhou CHN"]
[Date "2012.10.06"]
[Round "15"]
[White "Pham, Le Thao Nguyen"]
[Black "Ju, Wenjun"]
[Result "1/2-1/2"]
[WhiteTitle "WGM"]
[BlackTitle "WGM"]
[WhiteElo "2351"]
[BlackElo "2557"]
[WhiteTeam "Qingdao School Team"]
[BlackTeam "Shanghai Jianqiao Academy Team"]
[WhiteFideId "12401226"]
[BlackFideId "8603006"]
[EventDate "2012.04.28"]

1. d4 g6 2. e4 Bg7 3. c3 d6 4. g3 Nf6 5. Bg2 O-O 6. Ne2 e5 7. h3 b5 8. a4 Bb7 9.
Bg5 exd4 10. axb5 dxc3 11. Nbxc3 h6 12. Be3 a6 13. bxa6 Rxa6 14. O-O Rxa1 15.
Qxa1 Re8 16. Qa4 Nbd7 17. Rd1 Qa8 18. Qxa8 Bxa8 19. Nb5 Bxe4 20. Nxc7 Rb8 21.
Rxd6 Bxg2 22. Kxg2 Rxb2 23. Nf4 Rb7 24. Ncd5 Nxd5 25. Rxd5 h5 26. Nd3 Bf6 27.
Nc5 Nxc5 28. Rxc5 Kg7 29. Rd5 Rb8 30. Kf3 Rd8 31. Rb5 Bd4 32. Bxd4+ Rxd4 33. h4
Rd3+ 34. Kg2 Rd7 35. Rb6 1/2-1/2

[Event "TCh-CHN 2012"]
[Site "Hangzhou CHN"]
[Date "2012.10.06"]
[Round "15"]
[White "Gong, Qianyun"]
[Black "Zhang, Xiaowen"]
[Result "1-0"]
[WhiteTitle "WIM"]
[BlackTitle "WGM"]
[WhiteElo "2302"]
[BlackElo "2354"]
[WhiteTeam "Qingdao School Team"]
[BlackTeam "Shanghai Jianqiao Academy Team"]
[WhiteFideId "8602425"]
[BlackFideId "8603219"]
[EventDate "2012.04.28"]

1. e4 e6 2. d4 d5 3. exd5 exd5 4. Bd3 Nf6 5. h3 c5 6. Nf3 Nc6 7. O-O c4 8. Be2
Be7 9. b3 cxb3 10. axb3 O-O 11. Bb2 Ne4 12. Nbd2 Bf5 13. Ne5 Nxe5 14. dxe5 Bc5
15. Nf3 Ng3 16. Bd4 Bxd4 17. Nxd4 Nxf1 18. Nxf5 Qg5 19. Bd3 Nd2 20. h4 Qf4 21.
g3 Qxe5 22. Ra5 Ne4 23. Rxd5 Nc3 24. Qh5 Qe1+ 25. Kg2 Rfe8 26. Qg5 g6 27. Qh6
gxf5 28. Bxf5 f6 29. Qxh7+ Kf8 30. Qh8+ Kf7 31. Qh7+ Kf8 32. Bg6 Qe6 33. Rd7
Qc6+ 34. Kh2 Qxd7 35. Qxd7 Re7 36. Qd4 Kg7 37. Bd3 Rc7 38. Qg4+ Kf8 39. Bc4 Rg7
40. Qd4 Ke7 41. Qxc3 Rd8 42. Qe3+ Kd7 43. Qxa7 Kc7 44. Qa5+ Kd7 45. Be6+ Ke8 46.
Qh5+ Ke7 47. Qh6 1-0

[Event "TCh-CHN 2012"]
[Site "Hangzhou CHN"]
[Date "2012.10.06"]
[Round "15"]
[White "Chen, Fan"]
[Black "Zhao, Zong-Yuan"]
[Result "0-1"]
[WhiteTitle "FM"]
[BlackTitle "GM"]
[WhiteElo "2375"]
[BlackElo "2556"]
[WhiteTeam "Chengdu Bank Team"]
[BlackTeam "Hebei Sports Lottery Team"]
[WhiteFideId "8600767"]
[BlackFideId "3202534"]
[EventDate "2012.04.28"]

1. e4 e5 2. Nf3 Nc6 3. Bb5 a6 4. Bxc6 dxc6 5. O-O Qf6 6. d3 c5 7. Nc3 Ne7 8. Be3
Nc6 9. Nd2 Be6 10. Nb3 b6 11. f4 exf4 12. Bxf4 Qd8 13. Qe1 Bd6 14. e5 Be7 15.
Qg3 Rg8 16. Ne4 Nd4 17. Nxd4 Qxd4+ 18. Kh1 O-O-O 19. b3 h6 20. a4 a5 21. Rae1
Qd7 22. Nc3 g5 23. Bd2 h5 24. Ne4 h4 25. Qf3 Kb8 26. Nf6 Bxf6 27. Qxf6 h3 28. g3
Qc6+ 29. Re4 Bd5 30. Qxc6 Bxc6 31. Re1 Rd4 32. Bc3 Bxe4+ 33. dxe4 Rd7 34. Kg1
Rgd8 35. Kf2 Rd1 36. g4 Rxe1 37. Bxe1 c4 0-1

[Event "TCh-CHN 2012"]
[Site "Hangzhou CHN"]
[Date "2012.10.06"]
[Round "15"]
[White "Wang, Hao"]
[Black "Zhang, Pengxiang"]
[Result "1/2-1/2"]
[WhiteTitle "GM"]
[BlackTitle "GM"]
[WhiteElo "2733"]
[BlackElo "2591"]
[WhiteTeam "Chengdu Bank Team"]
[BlackTeam "Hebei Sports Lottery Team"]
[WhiteFideId "8602883"]
[BlackFideId "8600970"]
[EventDate "2012.04.28"]

1. d4 d5 2. Nf3 Nf6 3. c4 c6 4. Nc3 g6 5. Bg5 Bg7 6. Qb3 dxc4 7. Qxc4 Bf5 8. e3
O-O 9. Be2 Nbd7 10. O-O a5 11. Qb3 Qb6 12. Nd2 h6 13. Bf4 Nd5 14. Nxd5 cxd5 15.
g4 Be6 16. Rfc1 Rfc8 17. h3 Qb4 18. Rc3 Nf6 19. Bd3 Bd7 20. Be5 Ba4 21. Qxb4
axb4 22. Rxc8+ Rxc8 23. Kf1 Nd7 24. Bxg7 Kxg7 25. a3 bxa3 26. Rxa3 Rc1+ 27. Kg2
Rd1 28. Nf3 Nb6 29. Rc3 Bc6 30. b3 Nd7 31. b4 Ba4 32. b5 Kf6 33. Be2 Rb1 34. Rc7
Nb6 35. Rxb7 Nc4 36. Ne5 Nd6 37. Rb6 Bxb5 38. h4 Kg7 39. g5 hxg5 40. hxg5 Bd3
41. Rxb1 Bxb1 42. Nc6 e6 43. f3 Nf5 44. Kf2 Bc2 45. Bb5 Nd6 46. Be2 Nf5 47. Ne5
f6 48. gxf6+ Kxf6 49. Ng4+ Ke7 50. f4 Nd6 51. Kg3 Nf5+ 52. Kf2 Nd6 1/2-1/2

[Event "TCh-CHN 2012"]
[Site "Hangzhou CHN"]
[Date "2012.10.06"]
[Round "15"]
[White "Wang, Doudou"]
[Black "Gunina, Valentina"]
[Result "0-1"]
[BlackTitle "IM"]
[WhiteElo "2186"]
[BlackElo "2511"]
[WhiteTeam "Hebei Sports Lottery Team"]
[BlackTeam "Chengdu Bank Team"]
[WhiteFideId "8603197"]
[BlackFideId "4167570"]
[EventDate "2012.04.28"]

1. d4 d5 2. c4 e6 3. Nf3 Nf6 4. Nc3 Be7 5. e3 O-O 6. Qc2 a6 7. b3 c5 8. cxd5
exd5 9. Be2 Nc6 10. O-O cxd4 11. Nxd4 Nxd4 12. exd4 Be6 13. Bb2 Rc8 14. Bf3 Bb4
15. Qd3 Qd7 16. Rac1 Bf5 17. Qd1 Qd6 18. Ne2 Rfe8 19. Ng3 Bg6 20. Rxc8 Rxc8 21.
Qa1 Bc2 22. Qc1 Rc7 23. Qg5 h6 24. Qe5 Qd7 25. Nh5 Nxh5 26. Qxh5 Bf5 27. Rc1 Qe6
28. Be2 Re7 29. Bf1 Bd2 30. Ra1 Rc7 31. Qd1 Rc2 32. Ba3 Bc3 33. Rc1 Rd2 34. Qe1
Qxe1 35. Rxe1 Bxd4 36. Be2 Rxa2 37. Bb4 a5 38. Bd6 Bc3 39. Rc1 Rxe2 40. g4 Be4 0-1